| 000 | 00828nam a22002537a 4500 | ||
|---|---|---|---|
| 999 |
_c20531 _d20531 |
||
| 005 | 20191029084121.0 | ||
| 008 | 191029b xxu||||| |||| 00| 0 spa d | ||
| 020 | _a9789584873378 | ||
| 040 |
_aCO-BoIAVH _cCO-BoIAVH |
||
| 041 | _aspa | ||
| 044 | _ack | ||
| 082 |
_a918.04 _bF46m |
||
| 100 | _aFigueroa, Cristina | ||
| 245 | 1 | 3 | _aLa montaña adentro. |
| 250 | _aPrimera edición | ||
| 260 |
_aBogotá: _bEditorial De-espejar, _c2019. |
||
| 300 |
_a24 Páginas: _bfotografías, _c16 x 24 cm. |
||
| 500 | _aProyecto editorial independiente - 45 Salón Nacional de artistas 2019 Idartes. | ||
| 650 | 0 |
_aViajes _zAmerica del sur |
|
| 650 | 0 | _aFotografía de la naturaleza | |
| 650 | 0 |
_aMedio ambiente _zColombia |
|
| 651 | 0 |
_aCordillera de los Andes _zColombia |
|
| 942 |
_2ddc _cLIBRO |
||